000 00223nam a2200085Ia 4500
245 0 _aIt's the little things
100 _a JAMES, Erica London, 2009
_981663
942 _cBK
008 210817s9999 xx 000 0 und d
999 _c292032
_d292030